TOP 10 piosenek - Guzior - Statystyki

Ogólne statystyki
  • Ten quiz został rozwiązany 308 razy
    247 od ostatniego zresetowania
  • Średni wynik to 6 z 10
Statystyki odpowiedzi
# views utwór % Poprawnych
2 65 mln B L U E B E R R Y
89%
1 69 mln F A L A
88%
3 62 mln Płuca Zlepione Topami
88%
5 41 mln WIFI
83%
4 45 mln Ninja
73%
9 14 mln K U S H K O M A
57%
7 21 mln Tatuaże z Henny
51%
8 16 mln MikMik
40%
10 14 mln Clint Eastwood
30%
6 27 mln Wybory
26%
Nie znaleziono quizów pasujących do podanych kryteriów
Rozkład punktacji
Procent ludzi z każdym wynikiem
Percentyl według liczby udzielonych odpowiedzi
Twoja historia wyników
Nie rozwiązałeś tego quizu od ostatniego zresetowania